000 00490nam a2200181Ia 4500
005 20250508162609.0
008 008 250505s9999 xx 000 0 eng d
037 _aTextual
040 _aFEDL
_beng
_cFEDL
041 _aeng
_2eng
084 _a305.4, MOU
_qFEDL
100 _aMoudud Hasna Jasimuddin
_9135472
245 0 _aWomen in China
260 _aGhaziabad, India
_bShakti Books
_c1980
300 _a94p.
942 _cTEXL
_h305.4, MOU
999 _c1377548
_d1377548